000 01940nam a2200265Ia 4500
999 _c52648
_d52648
001 19672
003 GE_BSU
005 20200317234348.0
008 181216s2016||||ge |||||||||||||| ||geo||
020 _aISBN 978-9941-462-36-8
040 _cGE_BSU
041 _ageo
080 _a811.353.1.36/37 თ-30
100 _aთანდაშვილი, მანანა
_92139
245 _aქართული ენის ფუნქციური გრამატიკის საფუძვლები :
_bსახელმძღვანელო /
_c მანანა თანდაშვილი ; რედ. : ნინო შარაშენიძე, რუსუდან გერსამია.
264 _aბათუმი :
_bბათუმის შოთა რუსთაველის სახელმწ. უნ-ტის გამ-ბა,
_c2016.
300 _a239 გვ. :
_bილ. ;
_c28 სმ.
504 _aბიბლიოგრ. გვ. 237-238
541 _h14ლ.51თ.
653 _aნაშრომში განხილულია ფუნქციური გრამატიკის საკვანძო საკითხები ქართულ ენასთან მიმართებით. იგი განკუთვნილია ფილოლოგიის ფაკულტეტის სტუდენტებისათვის, რაც უდავოდ დაეხმარება მათ ლინგვისტური პრობლემატიკის უკეთ აღქმასა და გაანალიზებაში
653 _aქართული ენა
700 _a შარაშენიძე, ნინო
_eრედაქტორი
_97758
700 _aგერსამია, რუსუდან
_eრედაქტორი
_94757
942 _cBK
_2udc